[Event "DEM U12 2025"]
[Site "Willingen GER"]
[Date "2025.06.11"]
[Round "6"]
[White "Geschke, Jonathan"]
[Black "Hellriegel, Hannes"]
[Result "1-0"]
[Termination "normal"]
[Board "17"]
[WhiteElo "1667"]
[BlackElo "1849"]
[WhiteClock "00:13:44"]
[BlackClock "00:16:25"]
[PlyCount "119"]
[WhiteFideId "34636129"]
[BlackFideId "34623701"]
[EventCountry "GER"]
[EventRounds "9"]
[EventType "swiss"]
[EventDate "2025.06.07"]

1. e4 {[%clk 01:30:59]} {[%emt 00:00:01]} e5 {[%clk 01:30:58]} {[%emt
00:00:03]} 2. Nf3 {[%clk 01:31:25]} {[%emt 00:00:04]} Nc6 {[%clk 01:31:23]}
{[%emt 00:00:05]} 3. Bc4 {[%clk 01:31:49]} {[%emt 00:00:06]} Nf6 {[%clk
01:31:49]} {[%emt 00:00:04]} 4. Ng5 {[%clk 01:32:14]} {[%emt 00:00:04]} d5
{[%clk 01:32:14]} {[%emt 00:00:06]} 5. exd5 {[%clk 01:31:43]} {[%emt 00:01:02]}
Na5 {[%clk 01:32:40]} {[%emt 00:00:02]} 6. Bb5+ {[%clk 01:32:07]} {[%emt
00:00:06]} c6 {[%clk 01:33:06]} {[%emt 00:00:05]} 7. dxc6 {[%clk 01:32:33]}
{[%emt 00:00:04]} bxc6 {[%clk 01:33:33]} {[%emt 00:00:03]} 8. Be2 {[%clk
01:32:43]} {[%emt 00:00:19]} h6 {[%clk 01:33:17]} {[%emt 00:00:47]} 9. Nf3
{[%clk 01:33:08]} {[%emt 00:00:04]} e4 {[%clk 01:33:42]} {[%emt 00:00:04]} 10.
Ne5 {[%clk 01:33:34]} {[%emt 00:00:05]} Bd6 {[%clk 01:34:06]} {[%emt 00:00:06]}
11. d4 {[%clk 01:33:08]} {[%emt 00:00:56]} exd3 {[%clk 01:33:00]} {[%emt
00:01:36]} 12. Nxd3 {[%clk 01:33:31]} {[%emt 00:00:06]} O-O {[%clk 01:31:32]}
{[%emt 00:01:59]} 13. O-O {[%clk 01:30:43]} {[%emt 00:03:18]} Qc7 {[%clk
01:27:20]} {[%emt 00:04:42]} 14. h3 {[%clk 01:30:42]} {[%emt 00:00:30]} Be6
{[%clk 01:21:27]} {[%emt 00:06:23]} 15. Nc3 {[%clk 01:27:02]} {[%emt 00:04:11]}
Rad8 {[%clk 01:18:56]} {[%emt 00:03:01]} 16. Re1 {[%clk 01:11:29]} {[%emt
00:16:03]} Qc8 {[%clk 01:05:08]} {[%emt 00:14:19]} 17. Bf1 {[%clk 01:08:10]}
{[%emt 00:03:46]} c5 {[%clk 01:02:47]} {[%emt 00:02:52]} 18. Qf3 {[%clk
01:02:43]} {[%emt 00:05:57]} c4 {[%clk 00:35:19]} {[%emt 00:27:58]} 19. Nf4
{[%clk 00:58:06]} {[%emt 00:05:05]} Bf5 {[%clk 00:30:36]} {[%emt 00:05:15]} 20.
Be3 {[%clk 00:48:42]} {[%emt 00:09:53]} Nc6 {[%clk 00:26:18]} {[%emt 00:04:49]}
21. Nb5 {[%clk 00:41:13]} {[%emt 00:08:00]} Bb8 {[%clk 00:23:16]} {[%emt
00:03:31]} 22. c3 {[%clk 00:37:04]} {[%emt 00:04:39]} Rfe8 {[%clk 00:19:54]}
{[%emt 00:03:52]} 23. Nh5 {[%clk 00:27:38]} {[%emt 00:09:56]} Nxh5 {[%clk
00:17:33]} {[%emt 00:02:51]} 24. Qxh5 {[%clk 00:26:07]} {[%emt 00:02:01]} Bd3
{[%clk 00:12:48]} {[%emt 00:05:15]} 25. Bxd3 {[%clk 00:24:28]} {[%emt
00:02:09]} Rxd3 {[%clk 00:12:42]} {[%emt 00:00:36]} 26. Nd4 {[%clk 00:23:17]}
{[%emt 00:01:41]} Qc7 {[%clk 00:05:41]} {[%emt 00:07:32]} 27. Nf3 {[%clk
00:19:53]} {[%emt 00:03:51]} Ne5 {[%clk 00:03:40]} {[%emt 00:02:34]} 28. Nxe5
{[%clk 00:17:53]} {[%emt 00:02:29]} Rxe5 {[%clk 00:04:05]} {[%emt 00:00:05]}
29. Qg4 {[%clk 00:15:15]} {[%emt 00:03:07]} Re6 {[%clk 00:03:47]} {[%emt
00:00:49]} 30. g3 {[%clk 00:13:34]} {[%emt 00:02:10]} Rg6 {[%clk 00:02:48]}
{[%emt 00:01:30]} 31. Qh4 {[%clk 00:13:15]} {[%emt 00:00:48]} Qd7 {[%clk
00:01:09]} {[%emt 00:02:10]} 32. Kh2 {[%clk 00:11:25]} {[%emt 00:02:18]} Kh7
{[%clk 00:00:46]} {[%emt 00:00:55]} 33. Qxc4 {[%clk 00:10:12]} {[%emt
00:01:41]} Qd6 {[%clk 00:00:36]} {[%emt 00:00:42]} 34. Bf4 {[%clk 00:08:48]}
{[%emt 00:01:53]} Qb6 {[%clk 00:00:35]} {[%emt 00:00:32]} 35. Qxd3 {[%clk
00:06:40]} {[%emt 00:02:39]} Qxf2+ {[%clk 00:00:39]} {[%emt 00:00:25]} 36. Kh1
{[%clk 00:06:36]} {[%emt 00:00:33]} Bxf4 {[%clk 00:00:50]} {[%emt 00:00:20]}
37. Re2 {[%clk 00:05:56]} {[%emt 00:01:09]} Qxg3 {[%clk 00:00:31]} {[%emt
00:00:50]} 38. Qxg3 {[%clk 00:06:20]} {[%emt 00:00:06]} Rxg3 {[%clk 00:00:42]}
{[%emt 00:00:19]} 39. Re7 {[%clk 00:04:54]} {[%emt 00:01:54]} Rxh3+ {[%clk
00:00:37]} {[%emt 00:00:38]} 40. Kg1 {[%clk 00:04:43]} {[%emt 00:00:38]} Kg6
{[%clk 00:00:34]} {[%emt 00:00:34]} 41. Rxa7 {[%clk 00:00:49]} {[%emt
00:04:25]} Rd3 {[%clk 00:24:20]} {[%emt 00:06:43]} 42. Rb7 {[%clk 00:29:45]}
{[%emt 00:01:33]} Rd6 {[%clk 00:20:11]} {[%emt 00:04:39]} 43. a4 {[%clk
00:27:28]} {[%emt 00:02:48]} Ra6 {[%clk 00:19:19]} {[%emt 00:01:21]} 44. a5
{[%clk 00:26:23]} {[%emt 00:01:36]} f6 {[%clk 00:19:30]} {[%emt 00:00:19]} 45.
b4 {[%clk 00:23:53]} {[%emt 00:02:59]} h5 {[%clk 00:17:48]} {[%emt 00:02:12]}
46. b5 {[%clk 00:22:45]} {[%emt 00:01:40]} Ra8 {[%clk 00:18:08]} {[%emt
00:00:08]} 47. a6 {[%clk 00:21:49]} {[%emt 00:01:26]} Kh6 {[%clk 00:17:41]}
{[%emt 00:00:57]} 48. b6 {[%clk 00:20:33]} {[%emt 00:01:46]} g5 {[%clk
00:17:46]} {[%emt 00:00:25]} 49. Kh1 {[%clk 00:18:51]} {[%emt 00:02:10]} h4
{[%clk 00:16:51]} {[%emt 00:01:27]} 50. Rd7 {[%clk 00:15:40]} {[%emt 00:03:41]}
Rc8 {[%clk 00:14:40]} {[%emt 00:02:40]} 51. a7 {[%clk 00:15:26]} {[%emt
00:00:44]} Rxc3 {[%clk 00:14:25]} {[%emt 00:00:46]} 52. a8=Q {[%clk 00:14:57]}
{[%emt 00:01:00]} g4 {[%clk 00:14:36]} {[%emt 00:00:19]} 53. Qh8+ {[%clk
00:14:21]} {[%emt 00:01:04]} Kg5 {[%clk 00:14:51]} {[%emt 00:00:16]} 54. Ra5+
{[%clk 00:14:10]} {[%emt 00:00:41]} Be5 {[%clk 00:15:15]} {[%emt 00:00:07]} 55.
Rxe5+ {[%clk 00:14:06]} {[%emt 00:00:33]} Kf4 {[%clk 00:15:40]} {[%emt
00:00:06]} 56. Qxf6+ {[%clk 00:14:05]} {[%emt 00:00:31]} Kg3 {[%clk 00:16:04]}
{[%emt 00:00:06]} 57. Re1 {[%clk 00:13:32]} {[%emt 00:00:58]} Rb3 {[%clk
00:16:13]} {[%emt 00:00:25]} 58. Rd2 {[%clk 00:13:21]} {[%emt 00:00:41]} Rb1
{[%clk 00:16:02]} {[%emt 00:00:41]} 59. Qf2+ {[%clk 00:13:30]} {[%emt
00:00:21]} Kh3 {[%clk 00:16:25]} {[%emt 00:00:08]} 60. Qh2# {[%clk 00:13:44]}
{[%emt 00:00:15]} 1-0

[Event "DEM U12 2025"]
[Site "Willingen GER"]
[Date "2025.06.11"]
[Round "6"]
[White "Serwane, Ruben"]
[Black "Al Luwaisi, Omer"]
[Result "1/2-1/2"]
[Termination "normal"]
[Board "18"]
[WhiteElo "1854"]
[BlackElo "1683"]
[WhiteClock "00:59:13"]
[BlackClock "00:05:02"]
[PlyCount "86"]
[WhiteFideId "34660232"]
[BlackFideId "34645888"]
[EventCountry "GER"]
[EventRounds "9"]
[EventType "swiss"]
[EventDate "2025.06.07"]

1. e4 {[%clk 01:30:51]} {[%emt 00:00:09]} c6 {[%clk 01:30:57]} {[%emt
00:00:04]} 2. c4 {[%clk 01:31:04]} {[%emt 00:00:18]} d5 {[%clk 01:29:39]}
{[%emt 00:01:47]} 3. exd5 {[%clk 01:30:45]} {[%emt 00:00:49]} cxd5 {[%clk
01:30:05]} {[%emt 00:00:05]} 4. cxd5 {[%clk 01:30:42]} {[%emt 00:00:33]} Qxd5
{[%clk 01:26:28]} {[%emt 00:04:07]} 5. Nc3 {[%clk 01:28:41]} {[%emt 00:02:29]}
Qd8 {[%clk 01:22:29]} {[%emt 00:04:32]} 6. d4 {[%clk 01:28:06]} {[%emt
00:01:04]} Nf6 {[%clk 01:22:52]} {[%emt 00:00:08]} 7. h3 {[%clk 01:27:53]}
{[%emt 00:00:41]} g6 {[%clk 01:23:06]} {[%emt 00:00:17]} 8. Nf3 {[%clk
01:27:27]} {[%emt 00:00:55]} Bg7 {[%clk 01:23:30]} {[%emt 00:00:07]} 9. Bc4
{[%clk 01:27:05]} {[%emt 00:00:51]} O-O {[%clk 01:23:43]} {[%emt 00:00:18]} 10.
O-O {[%clk 01:26:00]} {[%emt 00:01:34]} Nbd7 {[%clk 01:19:21]} {[%emt
00:04:53]} 11. Bf4 {[%emt 00:02:13]} Nb6 {[%clk 01:19:00]} {[%emt 00:00:01]}
12. Bb3 {[%clk 01:24:30]} {[%emt 00:01:06]} Nbd5 {[%clk 01:18:38]} {[%emt
00:00:52]} 13. Bh2 {[%clk 01:24:05]} {[%emt 00:00:54]} b6 {[%clk 01:18:44]}
{[%emt 00:00:25]} 14. a3 {[%clk 01:22:52]} {[%emt 00:01:43]} Bb7 {[%clk
01:18:48]} {[%emt 00:00:26]} 15. Re1 {[%clk 01:21:50]} {[%emt 00:01:31]} Rc8
{[%clk 01:14:02]} {[%emt 00:05:17]} 16. Qd3 {[%clk 01:20:26]} {[%emt 00:01:53]}
e6 {[%clk 01:13:42]} {[%emt 00:00:51]} 17. Rac1 {[%clk 01:20:03]} {[%emt
00:00:51]} Bh6 {[%clk 01:10:33]} {[%emt 00:03:41]} 18. Rc2 {[%clk 01:16:08]}
{[%emt 00:04:25]} Nf4 {[%clk 01:10:25]} {[%emt 00:00:38]} 19. Bxf4 {[%clk
01:15:02]} {[%emt 00:01:36]} Bxf4 {[%clk 01:10:49]} {[%emt 00:00:06]} 20. Rd1
{[%clk 01:13:21]} {[%emt 00:02:11]} Qe7 {[%clk 00:49:04]} {[%emt 00:22:15]} 21.
d5 {[%clk 01:08:57]} {[%emt 00:04:54]} Nxd5 {[%clk 00:33:32]} {[%emt 00:16:01]}
22. Nxd5 {[%clk 01:08:47]} {[%emt 00:00:41]} Bxd5 {[%clk 00:33:41]} {[%emt
00:00:21]} 23. Bxd5 {[%clk 01:08:20]} {[%emt 00:00:57]} Rxc2 {[%clk 00:33:00]}
{[%emt 00:01:11]} 24. Qxc2 {[%clk 01:08:11]} {[%emt 00:00:38]} exd5 {[%clk
00:33:26]} {[%emt 00:00:04]} 25. Rxd5 {[%clk 01:07:58]} {[%emt 00:00:43]} Re8
{[%clk 00:33:19]} {[%emt 00:00:38]} 26. g3 {[%clk 01:07:16]} {[%emt 00:01:12]}
Qb7 {[%clk 00:33:32]} {[%emt 00:00:16]} 27. Qd3 {[%clk 01:06:45]} {[%emt
00:01:02]} Bh6 {[%clk 00:32:38]} {[%emt 00:01:24]} 28. Rd7 {[%clk 01:06:38]}
{[%emt 00:00:36]} Qc8 {[%clk 00:30:21]} {[%emt 00:02:49]} 29. Rxa7 {[%clk
01:04:36]} {[%emt 00:02:32]} Qc1+ {[%clk 00:25:57]} {[%emt 00:04:54]} 30. Kg2
{[%clk 01:04:08]} {[%emt 00:00:56]} Qxb2 {[%clk 00:26:23]} {[%emt 00:00:06]}
31. Qd5 {[%clk 01:03:56]} {[%emt 00:00:41]} Qf6 {[%clk 00:26:08]} {[%emt
00:00:46]} 32. Qd7 {[%clk 01:02:58]} {[%emt 00:01:26]} Qe6 {[%clk 00:23:16]}
{[%emt 00:03:24]} 33. Qb7 {[%clk 01:02:15]} {[%emt 00:01:11]} Rf8 {[%clk
00:14:45]} {[%emt 00:09:02]} 34. a4 {[%clk 01:01:38]} {[%emt 00:01:07]} Qd6
{[%clk 00:12:46]} {[%emt 00:02:19]} 35. Ra6 {[%clk 01:01:49]} {[%emt 00:00:29]}
Rb8 {[%clk 00:11:56]} {[%emt 00:01:20]} 36. Ra8 {[%clk 01:01:00]} {[%emt
00:01:19]} Rxa8 {[%clk 00:12:22]} {[%emt 00:00:05]} 37. Qxa8+ {[%clk 01:01:24]}
{[%emt 00:00:06]} Kg7 {[%clk 00:12:47]} {[%emt 00:00:03]} 38. Qe4 {[%clk
01:01:16]} {[%emt 00:00:38]} Bc1 {[%clk 00:09:30]} {[%emt 00:03:46]} 39. Qe5+
{[%clk 01:01:24]} {[%emt 00:00:24]} Qxe5 {[%clk 00:09:55]} {[%emt 00:00:05]}
40. Nxe5 {[%clk 01:01:20]} {[%emt 00:00:34]} Bb2 {[%clk 00:10:19]} {[%emt
00:00:06]} 41. Nc4 {[%clk 01:01:12]} {[%emt 00:00:38]} Bd4 {[%clk 00:10:43]}
{[%emt 00:00:06]} 42. f4 {[%clk 01:01:14]} {[%emt 00:00:28]} f5 {[%clk
00:10:56]} {[%emt 00:00:17]} 43. a5 {[%clk 00:59:13]} {[%emt 00:02:31]} bxa5
{[%clk 00:05:02]} 1/2-1/2

[Event "DEM U12 2025"]
[Site "Willingen GER"]
[Date "2025.06.11"]
[Round "6"]
[White "Fattori Dittmar, Luca"]
[Black "Krishnan, Vihaan"]
[Result "1/2-1/2"]
[Termination "normal"]
[Board "19"]
[WhiteElo "1671"]
[BlackElo "1731"]
[WhiteClock "01:19:43"]
[BlackClock "00:28:59"]
[PlyCount "43"]
[WhiteFideId "34678883"]
[BlackFideId "34633910"]
[EventCountry "GER"]
[EventRounds "9"]
[EventType "swiss"]
[EventDate "2025.06.07"]

1. e4 {[%clk 01:30:58]} {[%emt 00:00:02]} c5 {[%clk 01:30:34]} {[%emt
00:00:26]} 2. Nc3 {[%clk 01:31:23]} {[%emt 00:00:05]} e6 {[%clk 01:30:59]}
{[%emt 00:00:05]} 3. g3 {[%clk 01:31:49]} {[%emt 00:00:04]} Nc6 {[%clk
01:29:18]} {[%emt 00:02:11]} 4. Bg2 {[%clk 01:31:39]} {[%emt 00:00:40]} Nf6
{[%clk 01:29:09]} {[%emt 00:00:39]} 5. Nge2 {[%clk 01:32:02]} {[%emt 00:00:07]}
Be7 {[%clk 01:26:50]} {[%emt 00:02:50]} 6. O-O {[%clk 01:30:52]} {[%emt
00:01:41]} O-O {[%clk 01:23:17]} {[%emt 00:04:02]} 7. f4 {[%clk 01:30:39]}
{[%emt 00:00:43]} d5 {[%clk 01:09:31]} {[%emt 00:14:16]} 8. e5 {[%clk
01:29:37]} {[%emt 00:01:31]} Nd7 {[%clk 01:09:46]} {[%emt 00:00:16]} 9. d3
{[%clk 01:29:07]} {[%emt 00:00:59]} a6 {[%clk 00:56:33]} {[%emt 00:13:44]} 10.
a4 {[%clk 01:29:25]} {[%emt 00:00:12]} Rb8 {[%clk 00:53:10]} {[%emt 00:03:54]}
11. Bd2 {[%clk 01:28:13]} {[%emt 00:01:40]} b5 {[%clk 00:52:25]} {[%emt
00:01:16]} 12. axb5 {[%clk 01:28:39]} {[%emt 00:00:04]} axb5 {[%clk 00:52:51]}
{[%emt 00:00:05]} 13. Be1 {[%clk 01:28:32]} {[%emt 00:00:34]} Qc7 {[%clk
00:48:54]} {[%emt 00:04:29]} 14. Bf2 {[%clk 01:28:37]} {[%emt 00:00:25]} c4
{[%clk 00:44:10]} {[%emt 00:05:14]} 15. dxc4 {[%clk 01:23:42]} {[%emt
00:05:25]} bxc4 {[%clk 00:44:17]} {[%emt 00:00:23]} 16. Rb1 {[%clk 01:21:58]}
{[%emt 00:02:12]} Bc5 {[%clk 00:42:44]} {[%emt 00:02:05]} 17. Bxc5 {[%clk
01:20:42]} {[%emt 00:01:47]} Nxc5 {[%clk 00:42:29]} {[%emt 00:00:44]} 18. Nd4
{[%clk 01:20:47]} {[%emt 00:00:26]} Nxd4 {[%clk 00:39:41]} {[%emt 00:03:19]}
19. Qxd4 {[%clk 01:21:14]} {[%emt 00:00:02]} Qb6 {[%clk 00:33:30]} {[%emt
00:06:41]} 20. Kh1 {[%clk 01:19:39]} {[%emt 00:02:04]} Nd7 {[%clk 00:32:14]}
{[%emt 00:01:47]} 21. Qd2 {[%clk 01:19:43]} {[%emt 00:00:25]} Qc7 {[%clk
00:28:59]} {[%emt 00:03:46]} 22. Ne2 {[%emt 00:02:48]} 1/2-1/2

[Event "DEM U12 2025"]
[Site "Willingen GER"]
[Date "2025.06.11"]
[Round "6"]
[White "Hamann, Friedrich"]
[Black "Döscher, Rasmus"]
[Result "1/2-1/2"]
[Termination "normal"]
[Board "20"]
[WhiteElo "1822"]
[BlackElo "1569"]
[WhiteClock "00:01:49"]
[BlackClock "00:12:10"]
[PlyCount "81"]
[WhiteFideId "34622829"]
[BlackFideId "34625038"]
[EventCountry "GER"]
[EventRounds "9"]
[EventType "swiss"]
[EventDate "2025.06.07"]

1. e4 {[%clk 01:30:55]} {[%emt 00:00:04]} c6 {[%clk 01:30:38]} {[%emt
00:00:23]} 2. d4 {[%clk 01:31:20]} {[%emt 00:00:05]} d5 {[%clk 01:31:01]}
{[%emt 00:00:06]} 3. e5 {[%clk 01:31:44]} {[%emt 00:00:07]} c5 {[%clk
01:30:59]} {[%emt 00:00:31]} 4. dxc5 {[%clk 01:32:05]} {[%emt 00:00:10]} Nc6
{[%clk 01:30:54]} {[%emt 00:00:36]} 5. f4 {[%clk 01:30:21]} {[%emt 00:02:14]}
Bf5 {[%clk 01:28:32]} {[%emt 00:02:52]} 6. Bb5 {[%clk 01:24:18]} {[%emt
00:06:33]} e6 {[%clk 01:25:29]} {[%emt 00:03:32]} 7. Be3 {[%clk 01:23:38]}
{[%emt 00:01:09]} Nge7 {[%clk 01:19:11]} {[%emt 00:06:49]} 8. Nf3 {[%clk
01:23:07]} {[%emt 00:01:01]} Bg6 {[%clk 01:18:36]} {[%emt 00:01:06]} 9. Nd4
{[%clk 01:21:05]} {[%emt 00:02:32]} Rc8 {[%clk 01:17:08]} {[%emt 00:01:58]} 10.
O-O {[%clk 01:10:54]} {[%emt 00:10:41]} Nf5 {[%clk 01:16:27]} {[%emt 00:01:12]}
11. Nxf5 {[%clk 01:09:53]} {[%emt 00:01:31]} Bxf5 {[%clk 01:16:44]} {[%emt
00:00:14]} 12. g4 {[%clk 01:03:35]} {[%emt 00:06:47]} Be4 {[%clk 01:14:42]}
{[%emt 00:02:32]} 13. Nc3 {[%clk 01:01:19]} {[%emt 00:02:45]} Qh4 {[%clk
01:05:32]} {[%emt 00:09:40]} 14. Nxe4 {[%clk 00:59:08]} {[%emt 00:02:41]} dxe4
{[%clk 01:03:36]} {[%emt 00:02:27]} 15. Qe2 {[%clk 00:51:51]} {[%emt 00:07:47]}
Be7 {[%clk 00:47:30]} {[%emt 00:16:36]} 16. Rad1 {[%clk 00:46:03]} {[%emt
00:06:19]} O-O {[%clk 00:46:20]} {[%emt 00:01:40]} 17. Rd7 {[%clk 00:43:38]}
{[%emt 00:02:55]} Nb4 {[%clk 00:36:18]} {[%emt 00:10:30]} 18. Rxb7 {[%clk
00:36:33]} {[%emt 00:07:36]} Bxc5 {[%clk 00:35:54]} {[%emt 00:00:53]} 19. Bxc5
{[%clk 00:36:35]} {[%emt 00:00:29]} Rxc5 {[%clk 00:36:12]} {[%emt 00:00:12]}
20. c3 {[%clk 00:34:36]} {[%emt 00:02:30]} Nd3 {[%clk 00:32:53]} {[%emt
00:03:44]} 21. Kg2 {[%clk 00:26:05]} {[%emt 00:09:06]} Rd8 {[%clk 00:28:17]}
{[%emt 00:05:05]} 22. c4 {[%clk 00:18:10]} {[%emt 00:08:25]} h5 {[%clk
00:27:47]} {[%emt 00:01:00]} 23. h3 {[%clk 00:16:48]} {[%emt 00:01:53]} f5
{[%clk 00:24:30]} {[%emt 00:03:47]} 24. exf6 {[%clk 00:15:50]} {[%emt
00:01:28]} Qxf6 {[%clk 00:23:58]} {[%emt 00:01:02]} 25. Qxe4 {[%clk 00:13:26]}
{[%emt 00:02:54]} Qxb2+ {[%clk 00:24:04]} {[%emt 00:00:24]} 26. Kg3 {[%clk
00:13:21]} {[%emt 00:00:36]} Qf6 {[%clk 00:22:09]} {[%emt 00:02:24]} 27. Rd7
{[%clk 00:11:43]} {[%emt 00:02:08]} h4+ {[%clk 00:21:58]} {[%emt 00:00:41]} 28.
Kg2 {[%clk 00:10:59]} {[%emt 00:01:14]} Rxd7 {[%clk 00:13:42]} {[%emt
00:08:47]} 29. Bxd7 {[%clk 00:11:28]} {[%emt 00:00:01]} Qc3 {[%clk 00:12:40]}
{[%emt 00:01:32]} 30. Qxe6+ {[%clk 00:11:05]} {[%emt 00:00:52]} Kh7 {[%clk
00:12:36]} {[%emt 00:00:34]} 31. Qe4+ {[%clk 00:10:51]} {[%emt 00:00:43]} g6
{[%clk 00:11:52]} {[%emt 00:01:14]} 32. Qe7+ {[%clk 00:09:50]} {[%emt
00:01:32]} Kh8 {[%clk 00:11:14]} {[%emt 00:01:05]} 33. Qxh4+ {[%clk 00:08:41]}
{[%emt 00:01:42]} Kg7 {[%clk 00:10:59]} {[%emt 00:00:43]} 34. Qe7+ {[%clk
00:08:50]} {[%emt 00:00:23]} Kh8 {[%clk 00:11:20]} {[%emt 00:00:07]} 35. Qf8+
{[%clk 00:06:48]} {[%emt 00:02:34]} Kh7 {[%clk 00:11:19]} {[%emt 00:00:31]} 36.
Qf7+ {[%clk 00:05:28]} {[%emt 00:01:50]} Kh8 {[%clk 00:11:31]} {[%emt
00:00:16]} 37. Be6 {[%clk 00:05:03]} {[%emt 00:00:57]} Qd2+ {[%clk 00:11:40]}
{[%emt 00:00:22]} 38. Kg3 {[%clk 00:05:12]} {[%emt 00:00:20]} Qe3+ {[%clk
00:11:52]} {[%emt 00:00:17]} 39. Rf3 {[%clk 00:05:10]} {[%emt 00:00:32]} Qe1+
{[%clk 00:12:04]} {[%emt 00:00:17]} 40. Kh2 {[%clk 00:02:02]} {[%emt 00:03:40]}
Qe2+ {[%clk 00:12:10]} {[%emt 00:00:20]} 41. Kg3 {[%clk 00:01:49]} {[%emt
00:00:46]} 1/2-1/2

[Event "DEM U12 2025"]
[Site "Willingen GER"]
[Date "2025.06.11"]
[Round "6"]
[White "Gao, Chenzhuo"]
[Black "Fels, Mattis"]
[Result "1/2-1/2"]
[Termination "normal"]
[Board "21"]
[WhiteElo "1707"]
[BlackElo "1758"]
[WhiteClock "00:24:04"]
[BlackClock "00:44:11"]
[PlyCount "95"]
[WhiteFideId "34668608"]
[BlackFideId "34623795"]
[EventCountry "GER"]
[EventRounds "9"]
[EventType "swiss"]
[EventDate "2025.06.07"]

1. d4 {[%clk 01:30:53]} {[%emt 00:00:08]} d5 {[%clk 01:30:56]} {[%emt
00:00:05]} 2. Nf3 {[%clk 01:31:08]} {[%emt 00:00:14]} e6 {[%clk 01:31:19]}
{[%emt 00:00:08]} 3. Bf4 {[%clk 01:31:16]} {[%emt 00:00:20]} f5 {[%clk
01:31:07]} {[%emt 00:00:42]} 4. e3 {[%clk 01:31:12]} {[%emt 00:00:33]} Nf6
{[%clk 01:31:26]} {[%emt 00:00:11]} 5. c4 {[%clk 01:31:16]} {[%emt 00:00:27]}
Bd6 {[%clk 01:31:26]} {[%emt 00:00:30]} 6. Bd3 {[%clk 01:30:34]} {[%emt
00:01:12]} O-O {[%clk 01:31:27]} {[%emt 00:00:28]} 7. Nc3 {[%clk 01:29:46]}
{[%emt 00:01:19]} c6 {[%clk 01:31:43]} {[%emt 00:00:15]} 8. O-O {[%clk
01:29:58]} {[%emt 00:00:18]} Ne4 {[%clk 01:32:04]} {[%emt 00:00:09]} 9. Ne2
{[%clk 01:29:49]} {[%emt 00:00:39]} Na6 {[%clk 01:29:18]} {[%emt 00:03:16]} 10.
Bxd6 {[%emt 00:01:48]} Nxd6 {[%clk 01:29:27]} {[%emt 00:00:20]} 11. c5 {[%clk
01:28:07]} {[%emt 00:00:54]} Ne4 {[%clk 01:29:48]} {[%emt 00:00:09]} 12. a3
{[%clk 01:28:15]} {[%emt 00:00:21]} Nb8 {[%clk 01:29:40]} {[%emt 00:00:38]} 13.
Ne5 {[%clk 01:23:45]} {[%emt 00:05:00]} Nd7 {[%clk 01:29:56]} {[%emt 00:00:14]}
14. b4 {[%clk 01:23:06]} {[%emt 00:01:10]} Nxe5 {[%clk 01:30:12]} {[%emt
00:00:14]} 15. dxe5 {[%clk 01:23:31]} {[%emt 00:00:05]} Qc7 {[%clk 01:30:05]}
{[%emt 00:00:37]} 16. f3 {[%clk 01:22:51]} {[%emt 00:01:10]} Ng5 {[%clk
01:30:10]} {[%emt 00:00:24]} 17. f4 {[%clk 01:23:10]} {[%emt 00:00:10]} Ne4
{[%clk 01:30:33]} {[%emt 00:00:09]} 18. Bxe4 {[%clk 01:21:50]} {[%emt
00:01:49]} dxe4 {[%clk 01:30:16]} {[%emt 00:00:46]} 19. Nd4 {[%clk 01:21:21]}
{[%emt 00:00:59]} Rd8 {[%clk 01:30:33]} {[%emt 00:00:12]} 20. Qb3 {[%clk
01:18:14]} {[%emt 00:03:37]} Rd5 {[%clk 01:30:45]} {[%emt 00:00:19]} 21. Rac1
{[%clk 01:15:54]} {[%emt 00:02:51]} Bd7 {[%clk 01:29:48]} {[%emt 00:01:27]} 22.
Rf2 {[%clk 01:02:40]} {[%emt 00:13:43]} a5 {[%clk 01:29:30]} {[%emt 00:00:48]}
23. Qb2 {[%clk 00:59:52]} {[%emt 00:03:17]} Kf7 {[%clk 01:28:16]} {[%emt
00:01:45]} 24. Rfc2 {[%clk 00:58:33]} {[%emt 00:01:49]} g5 {[%clk 01:26:44]}
{[%emt 00:02:02]} 25. g3 {[%clk 00:57:35]} {[%emt 00:01:28]} gxf4 {[%clk
01:26:14]} {[%emt 00:01:01]} 26. gxf4 {[%clk 00:57:27]} {[%emt 00:00:37]} axb4
{[%clk 01:22:46]} {[%emt 00:03:58]} 27. axb4 {[%clk 00:57:47]} {[%emt
00:00:10]} b6 {[%clk 01:21:24]} {[%emt 00:01:52]} 28. Ra1 {[%clk 00:50:32]}
{[%emt 00:07:46]} Rg8+ {[%clk 01:20:17]} {[%emt 00:01:37]} 29. Kh1 {[%clk
00:47:11]} {[%emt 00:03:50]} bxc5 {[%clk 01:16:08]} {[%emt 00:04:38]} 30. Rxc5
{[%clk 00:44:52]} {[%emt 00:02:50]} Rxc5 {[%clk 01:16:14]} {[%emt 00:00:24]}
31. bxc5 {[%clk 00:45:16]} {[%emt 00:00:06]} Ke7 {[%clk 01:05:15]} {[%emt
00:11:28]} 32. Qa2 {[%clk 00:39:46]} {[%emt 00:06:01]} Qb8 {[%clk 01:04:05]}
{[%emt 00:01:40]} 33. Rb1 {[%clk 00:36:34]} {[%emt 00:03:43]} Qa8 {[%clk
01:01:35]} {[%emt 00:02:59]} 34. Qb3 {[%clk 00:36:20]} {[%emt 00:00:43]} Rg7
{[%emt 00:14:13]} 35. Qb8 {[%clk 00:25:14]} Qxb8 {[%clk 00:54:01]} {[%emt
00:05:59]} 36. Rxb8 {[%clk 00:25:40]} {[%emt 00:00:03]} Rg6 {[%clk 00:52:23]}
{[%emt 00:02:08]} 37. Rb6 {[%clk 00:24:55]} {[%emt 00:01:14]} Rh6 {[%clk
00:52:45]} {[%emt 00:00:09]} 38. Kg2 {[%clk 00:19:38]} {[%emt 00:05:47]} Rg6+
{[%clk 00:53:07]} {[%emt 00:00:08]} 39. Kh1 {[%clk 00:18:01]} {[%emt 00:02:07]}
Rh6 {[%clk 00:53:24]} {[%emt 00:00:13]} 40. Ne2 {[%clk 00:17:46]} {[%emt
00:00:45]} Kd8 {[%clk 00:52:19]} {[%emt 00:01:34]} 41. Kg2 {[%clk 00:17:33]}
{[%emt 00:00:43]} Kc7 {[%clk 00:52:36]} {[%emt 00:00:14]} 42. h3 {[%clk
00:17:37]} {[%emt 00:00:26]} Rg6+ {[%clk 00:51:43]} {[%emt 00:01:22]} 43. Kh2
{[%clk 00:17:50]} {[%emt 00:00:17]} Rg8 {[%clk 00:51:53]} {[%emt 00:00:20]} 44.
Rb3 {[%clk 00:06:12]} {[%emt 00:12:09]} Ra8 {[%clk 00:44:20]} {[%emt 00:08:03]}
45. Kg3 {[%clk 00:05:25]} {[%emt 00:01:17]} Ra5 {[%clk 00:35:36]} {[%emt
00:09:14]} 46. Rc3 {[%clk 00:03:52]} {[%emt 00:02:03]} Kb7 {[%clk 00:24:58]}
{[%emt 00:11:08]} 47. Nd4 {[%clk 00:27:37]} {[%emt 00:06:44]} Ka6 {[%clk
00:44:11]} {[%emt 00:11:18]} 48. Kh4 {[%clk 00:24:04]} {[%emt 00:04:03]}
1/2-1/2